00330 2200145 4500245004100000250001100041100002500052650001700077650001600094005001900110260001800129041001400147084001400161336000900175 aAbout MecAisyah Putri SyafanahText aCet. 1 aAisyah Putri Syafana aAutobiografi aKarya Siswa a20250522094148 aJakartac2025 aIndonesia a081 AIS a atext